000 00913cam a2200289 i 4500
001 17611560
003 PILC
005 20150226140131.0
008 130122s2012 enka 001 0 eng
010 _a 2012551619
020 _a9781908150622 (paperback)
040 _aDLC
_beng
_cDLC
_erda
042 _apcc
050 0 0 _aPN 1995.9.P7
_b.M24 2012
100 1 _aMacnab, Geoffrey,
_d1965-
245 1 0 _aProducing /
_cGeoffrey Macnab & Sharon Swart.
260 _aLewes, East Sussex :
_bIlex,
_cc2012.
300 _a192 pages :
_billustrations (some color) ;
_c26 cm.
490 0 _aFilmcraft
500 _aIncludes index.
521 _aMedia Arts
650 0 _aMotion pictures
_xProduction and direction.
650 0 _aMotion picture producers and directors.
906 _a7
_bcbc
_corigres
_d3
_encip
_f20
_gy-gencatlg
942 _2lcc
_cBK
999 _c283624
_d283624